Statistics for Administrative posts of East Timor on a Map

Click here to take the quiz!

General Stats

  • This quiz has been taken 11 times
  • The average score is 37 of 65

Answers on the Map

Answers color-coded by a green-red scale on the quiz's map according to % correct below.
 

Answer Stats

DistrictSubdistrict% Correct
ManufahiSame
78%
AileuAileu
67%
BobonaroBobonaro
67%
ErmeraErmera
67%
AileuLaulara
67%
LautémLautém
67%
LiquiçáLiquiçá
67%
ManatutoManatuto
67%
LautémTutuala
67%
ViquequeViqueque
67%
AinaroAinaro
56%
ManufahiAlas
56%
BobonaroAtabae
56%
DiliAtauro
56%
ErmeraAtsabe
56%
BaucauBaguia
56%
BobonaroBalibó
56%
ManatutoBarique
56%
BaucauBaucau
56%
LiquiçáBazartete
56%
BobonaroCailaco
56%
DiliCristo Rei
56%
DiliDom Aleixo
56%
ManufahiFatuberlio
56%
Cova LimaFatululic
56%
Cova LimaFatumean
56%
Cova LimaFohorem
56%
ErmeraHatólia
56%
AinaroHato-Udo
56%
AinaroHatu-Builico
56%
LautémIliomar
56%
ManatutoLaclo
56%
ManatutoLaclubar
56%
ViquequeLacluta
56%
BaucauLaga
56%
ManatutoLaleia
56%
AileuLequidoe
56%
ErmeraLetefoho
56%
BobonaroLolotoe
56%
LautémLospalos
56%
LautémLuro
56%
BobonaroMaliana
56%
LiquiçáMaubara
56%
AinaroMaubisse
56%
Cova LimaMaucatar
56%
DiliMetinaro
56%
DiliNain Feto
56%
OecusseNitibe
56%
OecusseOesilo
56%
ViquequeOssu
56%
OecussePante Macassar
56%
OecussePassabe
56%
BaucauQuelicai
56%
ErmeraRailaco
56%
AileuRemexio
56%
ManatutoSoibada
56%
Cova LimaSuai
56%
Cova LimaTilomar
56%
ManufahiTuriscai
56%
ViquequeUato-Lari
56%
ViquequeUatucarbau
56%
BaucauVemasse
56%
BaucauVenilale
56%
DiliVera Cruz
56%
Cova LimaZumalai
56%

Score Distribution

Percentile by Number Answered

Percent of People with Each Score

Your Score History

You have not taken this quiz